000 00913nam a2200205Ii 4500
003 JO-AjNU
008 230605s9999||||xx |||||||||||||| ||und||
040 _aJO-AjNU
_bara
_erda
_cJO-AjNU
041 _aara
050 1 4 _aKMM460.N34.2006
100 3 _aنجم ، محمد صبحي,
_eauthor
_925106
245 0 0 _aالوجيز في قانون أصول المحاكمات الجزائية
250 _aط1
264 3 1 _aعمان : دار الثقافة ، 2006
300 _a576ص
_bيشتمل على مراجع ببلوغرافية ص ( 571 -576 )
336 _atext
_btxt
_2rdacontent
337 _aunmediated
_bn
_2rdamedia
338 _avolume
_bnc
_2rdacarrier
650 4 _aقانون أصول المحاكمات الجزائية -- الأردن -- قانون الإجراءات الجنائية -- الأردن -- قانون جنائي -- الأردن -- محاكمات جنائية -- الأردن
_925107
999 _aA9347
_c12915
_d12915